000 00916nam a2200205 i 4500
001 189547
003 ES-MaACL
005 20230906223511.0
007 t|
008 190611s1949 sp r ||||1| spa d
100 1 _aRifé Lamprecht, María del Pilar.
_9167337
245 1 0 _aInvestigaciones sobre nuevos derivados de la colofonia
_b: reacción del ácido abiético con el hipoclorito sódico para obtener productos de aplicación industrial /
_cpor María del Pilar Rifé Lamprecht.
260 _aMadrid :
_bInstituto Forestal de Investigaciones y Experiencias,
_c1949.
300 _a112 p., 5 lám., 1 gráf. pleg. ;
_c25 cm.
490 1 _aInstituto Forestal de Investigaciones y Experiencias ;
_vAño XX, nº 43
650 _aGomas y resinas.
_9162476
830 0 _aInstituto Forestal de Investigaciones y Experiencias ;
_vAño XX, nº 43
_9181435
852 _aES-MaACL
_jP-569-Bis-30
999 _c189547
_d189547